Statistiques concernant histoire de France en images

Cliquez ici pour prendre le quiz!

Statistiques générales

  • Ce quiz a été pris 96 fois
  • Le résultat moyen est 5 sur 12

Statistiques - réponses

Réponse% Correct
prise de la Bastille
100%
siège d'Alésia
71%
assassinat d'Henri IV
62%
massacre de la Saint Barthélémy
53%
serment du jeu de paume
48%
traité de Versailles
41%
abolition de l'esclavage
39%
bataille de Poitiers
24%
bataille de Sedan
21%
bataille du pont d'arcole
18%
bataille des pyramides
11%
traité des Pyrénées
7%

Distribution des résultats

Percentile par nombre de réponses

% des personnes avec chaque résultat

Votre développement - résultats

Vous n’avez pas pris ce quiz